[Event "Bundesliga 2017-18"]
[Site "Muelheim GER"]
[Date "2018.02.25"]
[Round "10.8"]
[Board "5"]
[White "Feygin, Michael"]
[Black "Schneider, Stefan"]
[Result "1-0"]
[WhiteTitle "GM"]
[WhiteElo "2489"]
[BlackElo "2390"]
[WhiteTeam "SV Muelheim Nord"]
[BlackTeam "FC Bayern Muenchen"]
[WhiteFideId "14103109"]
[BlackFideId "1703013"]
[EventDate "2017.10.21"]
[EventType "team"]

1. e4 c6 2. d4 d5 3. Nc3 dxe4 4. Nxe4 Bf5 5. Ng3 Bg6 6. h4 h6 7. Nf3 Nd7 8. h5
Bh7 9. Bd3 Bxd3 10. Qxd3 e6 11. Bf4 Qa5+ 12. Bd2 Bb4 13. c3 Be7 14. O-O Ngf6 15.
c4 Qd8 16. Bf4 O-O 17. Rfe1 Re8 18. Rad1 Qa5 19. a3 b5 20. Ne5 bxc4 21. Qxc4
Nxe5 22. dxe5 Nd5 23. Bc1 Qb5 24. Qg4 Kh8 25. Qf3 Rf8 26. Re4 f5 27. exf6 Bxf6
28. Qg4 Bxb2 29. Rb4 Nxb4 30. Bxb2 Qg5 31. Qxg5 hxg5 32. axb4 Rfd8 33. Rxd8+
Rxd8 34. h6 Rd1+ 35. Kh2 Kg8 36. Bxg7 Rb1 37. Ne4 Rxb4 38. Nxg5 Rg4 39. Nxe6 a5
40. f4 a4 41. Kh3 Rg6 42. f5 1-0

[Event "Bundesliga 2017-18"]
[Site "Muelheim GER"]
[Date "2018.02.25"]
[Round "10.8"]
[Board "6"]
[White "Schenk, Andreas"]
[Black "Zelbel, Patrick"]
[Result "1/2-1/2"]
[WhiteTitle "IM"]
[BlackTitle "IM"]
[WhiteElo "2435"]
[BlackElo "2458"]
[WhiteTeam "FC Bayern Muenchen"]
[BlackTeam "SV Muelheim Nord"]
[WhiteFideId "4644891"]
[BlackFideId "24624322"]
[EventDate "2017.10.21"]
[EventType "team"]

1. d4 Nf6 2. c4 g6 3. Nc3 Bg7 4. e4 d6 5. Nf3 O-O 6. Be2 e5 7. Be3 exd4 8. Nxd4
Re8 9. f3 c6 10. Bf2 d5 11. exd5 cxd5 12. c5 Nc6 13. O-O Bf8 14. Bb5 Bd7 15.
Bxc6 bxc6 16. b4 Nh5 17. Qd2 a5 18. a3 axb4 19. axb4 Qf6 20. Rxa8 Rxa8 21. Nce2 1/2-1/2

[Event "Bundesliga 2017-18"]
[Site "Muelheim GER"]
[Date "2018.02.25"]
[Round "10.8"]
[Board "7"]
[White "Hausrath, Daniel"]
[Black "Belezky, Alexander"]
[Result "1-0"]
[WhiteTitle "GM"]
[BlackTitle "IM"]
[WhiteElo "2484"]
[BlackElo "2386"]
[WhiteTeam "SV Muelheim Nord"]
[BlackTeam "FC Bayern Muenchen"]
[WhiteFideId "4617495"]
[BlackFideId "14105411"]
[EventDate "2017.10.21"]
[EventType "team"]

1. Nf3 Nf6 2. g3 c5 3. Bg2 d5 4. O-O Nc6 5. d4 e6 6. c4 a6 7. cxd5 exd5 8. Bg5
Be6 9. Nc3 Be7 10. dxc5 h6 11. Be3 Ng4 12. Bd4 O-O 13. e3 h5 14. Ne2 g5 15. Bc3
Bxc5 16. Ned4 Be7 17. Nxc6 bxc6 18. h3 Nh6 19. Nd4 Bd7 20. Qxh5 Kh7 21. e4 c5
22. Nf5 Bxf5 23. exf5 Ra7 24. Rad1 d4 25. b4 Rd7 26. Bc6 Rc7 27. Be4 Bf6 28.
bxc5 dxc3 29. Rxd8 Rxd8 30. c6 Re8 31. Bd5 Re5 32. Bxf7 Rxf7 33. Qg6+ Kh8 34. c7
Re8 35. Qxh6+ Kg8 36. Rb1 Be5 37. Qe6 Rxe6 38. c8=Q+ 1-0

[Event "Bundesliga 2017-18"]
[Site "Muelheim GER"]
[Date "2018.02.25"]
[Round "10.8"]
[Board "8"]
[White "Rafiee, Makan"]
[Black "Zwirs, Nico"]
[Result "0-1"]
[WhiteTitle "FM"]
[WhiteElo "2322"]
[BlackElo "2391"]
[WhiteTeam "FC Bayern Muenchen"]
[BlackTeam "SV Muelheim Nord"]
[WhiteFideId "24609340"]
[BlackFideId "1036432"]
[EventDate "2017.10.21"]
[EventType "team"]

1. e4 c5 2. Nf3 d6 3. d4 cxd4 4. Nxd4 Nf6 5. Nc3 a6 6. Bg5 e6 7. f4 Be7 8. Qf3
Qc7 9. O-O-O Nbd7 10. Bd3 h6 11. Qh3 b5 12. e5 dxe5 13. Nxe6 fxe6 14. Bg6+ Kd8
15. Bxf6 gxf6 16. Qxe6 Rb8 17. Nd5 Qd6 18. Qf7 Rf8 19. Qg7 f5 20. Rd2 e4 21.
Rhd1 Rb7 22. Qh7 Qe6 23. g4 fxg4 24. Bxe4 Bd6 25. Kb1 Nc5 26. Nc7 Rxc7 27. Rxd6+
Rd7 28. Rxd7+ Bxd7 29. Bd5 Qf6 30. Bg8 Qe7 31. Qg6 Kc7 32. Bd5 Rxf4 33. Qxh6 Qf6 0-1

[Event "Bundesliga 2017-18"]
[Site "Munich GER"]
[Date "2018.03.10"]
[Round "11.1"]
[Board "3"]
[White "Gajewski, Grzegorz"]
[Black "Lindgren, Philip"]
[Result "1/2-1/2"]
[WhiteTitle "GM"]
[BlackTitle "IM"]
[WhiteElo "2630"]
[BlackElo "2380"]
[WhiteTeam "USV TU Dresden"]
[BlackTeam "FC Bayern Muenchen"]
[WhiteFideId "1116207"]
[BlackFideId "1713230"]
[EventDate "2017.10.21"]
[EventType "team"]

1. d4 Nf6 2. c4 e6 3. g3 d5 4. Nf3 Bb4+ 5. Bd2 Be7 6. Bg2 Nbd7 7. Bc3 dxc4 8.
Nbd2 Nd5 9. Nxc4 Nxc3 10. bxc3 c5 11. O-O O-O 12. a4 Qc7 13. Nfe5 Nxe5 14. Nxe5
Rd8 15. e3 Bd6 16. Qh5 Bxe5 17. Qxe5 Qxe5 18. dxe5 Kf8 19. f4 Ke7 20. a5 Rb8 21.
Rfb1 Rd3 22. Ra3 Rxe3 23. Bf1 Bd7 24. Kf2 Re4 25. Rba1 Rd8 26. Bg2 Rc4 27. Bxb7
Bb5 28. Ke3 f5 29. exf6+ gxf6 30. Be4 f5 31. Bd3 Rxd3+ 32. Kxd3 Rxf4+ 33. Ke3
Re4+ 34. Kf3 Bc4 35. Rb1 Kf6 36. a6 e5 37. Rb2 Re1 38. Ra4 e4+ 39. Kg2 Bd3 40.
Rb6+ Kg5 41. Rb7 Re2+ 42. Kg1 1/2-1/2

[Event "Bundesliga 2017-18"]
[Site "Munich GER"]
[Date "2018.03.10"]
[Round "11.1"]
[Board "8"]
[White "Unzicker, Ferdinand"]
[Black "Hoffmann, Paul"]
[Result "1/2-1/2"]
[BlackTitle "IM"]
[WhiteElo "2312"]
[BlackElo "2384"]
[WhiteTeam "FC Bayern Muenchen"]
[BlackTeam "USV TU Dresden"]
[WhiteFideId "4619196"]
[BlackFideId "4664450"]
[EventDate "2017.10.21"]
[EventType "team"]

1. d4 Nf6 2. c4 e6 3. Nc3 Bb4 4. e3 b6 5. Ne2 Ne4 6. Bd2 Nxd2 7. Qxd2 Bb7 8. a3
Be7 9. d5 e5 10. Ng3 g6 11. f4 exf4 12. exf4 O-O 13. Bd3 f5 14. O-O a5 15. h3
Na6 16. Bc2 Bc5+ 17. Kh2 Qh4 18. Rae1 Rae8 19. Re5 Bd6 20. Re2 Rxe2 21. Ngxe2
Re8 22. Nd4 Qe7 23. Rf2 Qe1 24. Qxe1 Rxe1 25. Ncb5 Bc5 26. Rd2 Rf1 27. Kg3 h5
28. Nf3 h4+ 29. Kxh4 Be3 30. Re2 Bxf4 31. Nbd4 Kf8 32. g4 c5 33. dxc6 Bxc6 34.
Nxc6 Rxf3 35. Ne5 g5+ 36. Kh5 Rxh3+ 37. Kg6 Bxe5 38. Rxe5 fxg4 39. Bf5 Nc5 40.
Bxg4 Rb3 41. Re2 Ne6 42. Kf6 Ke8 43. Bxe6 dxe6 44. Kxe6 g4 45. Rh2 Rh3 46. Rg2
Re3+ 47. Kd6 g3 48. b4 Rxa3 49. b5 Rc3 50. Kc7 Rxc4+ 51. Kxb6 Rg4 52. Ka7 Rg7+
53. Ka8 Kd7 54. b6 Kc6 55. b7 Rxb7 56. Rc2+ Kd5 57. Kxb7 Ke4 58. Ka6 Kf3 59.
Kxa5 g2 60. Rxg2 Kxg2 1/2-1/2

[Event "Bundesliga 2017-18"]
[Site "Hofheim GER"]
[Date "2018.03.10"]
[Round "11.7"]
[Board "3"]
[White "Handke, Florian"]
[Black "Howell, David W L"]
[Result "0-1"]
[WhiteTitle "GM"]
[BlackTitle "GM"]
[WhiteElo "2525"]
[BlackElo "2698"]
[WhiteTeam "DJK Aufwaerts Aachen"]
[BlackTeam "SV 1930 Hockenheim"]
[WhiteFideId "4634527"]
[BlackFideId "410608"]
[EventDate "2017.10.21"]
[EventType "team"]

1. e4 e5 2. Nf3 Nc6 3. Bb5 a6 4. Ba4 Nf6 5. d3 d6 6. c3 g6 7. O-O Bg7 8. Re1 O-O
9. h3 Re8 10. Nbd2 b5 11. Bb3 Na5 12. Bc2 c5 13. a4 Bb7 14. Nh2 d5 15. Ng4 Nh5
16. axb5 axb5 17. exd5 Qxd5 18. Ne4 f5 19. Ne3 Qc6 20. Nxc5 Qxc5 21. b4 Qxc3 22.
Bd2 Qc6 23. Rc1 Kh8 24. Bb1 Qd7 25. bxa5 Nf4 26. Qb3 Red8 27. Rc5 Ne6 28. Rcc1
Nd4 29. Qb4 f4 30. Ng4 Qd5 31. f3 Nxf3+ 32. gxf3 Qxf3 33. Re4 Rd4 34. Qb2 Qg3+
35. Kh1 Qf3+ 36. Kg1 Qg3+ 37. Kh1 Qxh3+ 38. Nh2 Rxd3 39. Re1 Rad8 40. Bb4 R8d4
41. a6 Bxe4+ 42. Rxe4 Rd1+ 43. Re1 Rxb4 44. Qxb4 f3 0-1

[Event "Bundesliga 2017-18"]
[Site "Munich GER"]
[Date "2018.03.11"]
[Round "12.1"]
[Board "4"]
[White "Bartel, Mateusz"]
[Black "Zysk, Robert"]
[Result "1-0"]
[WhiteTitle "GM"]
[BlackTitle "IM"]
[WhiteElo "2613"]
[BlackElo "2400"]
[WhiteTeam "USV TU Dresden"]
[BlackTeam "MSA Zugzwang 82"]
[WhiteFideId "1112635"]
[BlackFideId "4600410"]
[EventDate "2017.10.21"]
[EventType "team"]

1. d4 e6 2. Bf4 Nf6 3. e3 b6 4. Qf3 Nc6 5. Nc3 Bb4 6. Ne2 Nd5 7. a3 Bxc3+ 8.
Nxc3 Nxf4 9. Qxf4 Bb7 10. O-O-O Ne7 11. e4 O-O 12. h4 f5 13. e5 a6 14. h5 b5 15.
Rg1 Rf7 16. Rd3 Qf8 17. Rh3 Rc8 18. Qd2 Nd5 19. Nxd5 Bxd5 20. Qa5 c6 21. Bd3 d6
22. f4 dxe5 23. dxe5 c5 24. Rd1 Bxg2 25. Rg3 Bd5 26. Bf1 c4 27. Bg2 Bxg2 28.
Rxg2 Qc5 29. Qxa6 Re8 30. h6 g6 31. Qd6 Qe3+ 32. Qd2 Qc5 33. Qc3 Qf8 34. Qh3 c3
35. Qxc3 Qxh6 36. Qb4 Rc8 37. Rgd2 Rc4 38. Qxb5 Qxf4 39. Kb1 Rcc7 40. Qe8+ Kg7
41. Rd8 Qh2 42. Qh8+ Kh6 43. R8d2 Qh4 44. Qa8 Qe4 45. Rh1+ 1-0

[Event "Bundesliga 2017-18"]
[Site "Munich GER"]
[Date "2018.03.11"]
[Round "12.2"]
[Board "5"]
[White "Vidonyak, Roman"]
[Black "Jakubowski, Krzysztof"]
[Result "1-0"]
[WhiteTitle "IM"]
[BlackTitle "GM"]
[WhiteElo "2436"]
[BlackElo "2529"]
[WhiteTeam "FC Bayern Muenchen"]
[BlackTeam "SF Berlin 1903"]
[WhiteFideId "14100622"]
[BlackFideId "1112848"]
[EventDate "2017.10.21"]
[EventType "team"]

1. d4 Nf6 2. c4 e6 3. Nc3 Bb4 4. Qc2 b6 5. e4 c5 6. d5 exd5 7. exd5 O-O 8. Bd3
b5 9. b3 bxc4 10. bxc4 d6 11. Ne2 Nbd7 12. f4 Bxc3+ 13. Qxc3 Re8 14. O-O Rb8 15.
Ng3 Nf8 16. h3 Ng6 17. Bd2 Rb7 18. Rae1 Rxe1 19. Rxe1 Re7 20. Rb1 h6 21. Qc2 Nf8
22. Bc3 Rb7 23. Rxb7 Bxb7 24. Qb2 Ba6 25. Bxf6 gxf6 26. Nh5 Nh7 27. Qa3 Qc8 28.
Qc3 Qd8 29. Bf5 Kh8 30. Kh2 Qe7 31. Qg3 Qf8 32. Bxh7 Kxh7 33. Nxf6+ Kh8 34. Qe3
Kg7 35. Qc3 Kg6 36. g4 Bc8 37. f5+ Bxf5 38. gxf5+ Kxf5 39. Qf3+ Kg6 40. Ne4 Qe7
41. Qg4+ Kh7 42. Qf5+ Kg7 43. Kg3 a5 44. a4 Kf8 45. Qf4 Kg7 46. Kf3 Qb7 47. Qf6+
Kh7 48. Nxd6 Qb3+ 49. Kf4 Qxa4 50. Qxf7+ Kh8 51. Qg6 1-0

[Event "Bundesliga 2017-18"]
[Site "Hamburg GER"]
[Date "2018.03.11"]
[Round "12.3"]
[Board "2"]
[White "Laznicka, Viktor"]
[Black "Ostrovskiy, Andrey"]
[Result "1-0"]
[WhiteTitle "GM"]
[BlackTitle "IM"]
[WhiteElo "2654"]
[BlackElo "2444"]
[WhiteTeam "SK Schwaebisch Hall"]
[BlackTeam "SK Norderstedt 1975"]
[WhiteFideId "316385"]
[BlackFideId "14110326"]
[EventDate "2017.10.21"]
[EventType "team"]

1. d4 Nf6 2. c4 e6 3. Nc3 Bb4 4. e3 b6 5. Ne2 Ba6 6. Ng3 Bxc3+ 7. bxc3 d5 8. Qf3
O-O 9. cxd5 exd5 10. Bxa6 Nxa6 11. Qe2 Qc8 12. f3 c5 13. O-O Re8 14. Bd2 h5 15.
Qd3 c4 16. Qc2 Qc6 17. Qf5 h4 18. Nh5 Nxh5 19. Qxh5 Nc7 20. Qxh4 Qg6 21. Rae1
Qc2 22. Rf2 Qxa2 23. e4 Qa4 24. e5 Qd7 25. g4 a5 26. Rg2 b5 27. Rg3 Ra6 28. Rh3
f6 29. f4 fxe5 30. fxe5 Rh6 31. Bxh6 gxh6 32. Qxh6 Qg7 33. Qb6 Re6 34. Qxa5 Ra6
35. Qb4 Rg6 36. Rg3 Rxg4 37. Re3 Kh8 38. Qd6 Kh7 39. e6 b4 40. Qd7 1-0

[Event "Bundesliga 2017-18"]
[Site "Schwegenheim GER"]
[Date "2018.03.11"]
[Round "12.5"]
[Board "3"]
[White "Svidler, Peter"]
[Black "Efimenko, Zahar"]
[Result "1/2-1/2"]
[WhiteTitle "GM"]
[BlackTitle "GM"]
[WhiteElo "2760"]
[BlackElo "2636"]
[WhiteTeam "OSG Baden-Baden"]
[BlackTeam "SV Werder Bremen"]
[WhiteFideId "4102142"]
[BlackFideId "14107201"]
[EventDate "2017.10.21"]
[EventType "team"]

1. e4 e5 2. Nf3 Nc6 3. Bb5 a6 4. Ba4 Nf6 5. O-O Be7 6. d3 b5 7. Bb3 O-O 8. a4
Bb7 9. Re1 d6 10. Nbd2 Qd7 11. Nf1 Nd8 12. Ng3 Ne6 13. Nf5 Bd8 14. Ng5 Nxg5 15.
Bxg5 g6 16. Ne3 Ng4 17. Bxd8 Nxe3 18. Rxe3 Raxd8 19. axb5 axb5 20. Ra7 Bc6 21.
h4 Ra8 22. Rxa8 Rxa8 23. Rf3 Rf8 24. Qd2 Kg7 25. h5 f6 26. hxg6 hxg6 27. Rh3 g5
28. d4 Rh8 29. Rxh8 1/2-1/2

[Event "Bundesliga 2017-18"]
[Site "Schwegenheim GER"]
[Date "2018.03.11"]
[Round "12.6"]
[Board "2"]
[White "Tregubov, Pavel V."]
[Black "Meskovs, Nikita"]
[Result "1/2-1/2"]
[WhiteTitle "GM"]
[BlackTitle "IM"]
[WhiteElo "2589"]
[BlackElo "2524"]
[WhiteTeam "SV Muelheim Nord"]
[BlackTeam "SG Speyer-Schwegenheim"]
[WhiteFideId "4115341"]
[BlackFideId "11602740"]
[EventDate "2017.10.21"]
[EventType "team"]

1. d4 Nf6 2. c4 e6 3. Nc3 Bb4 4. e3 c5 5. Bd3 Nc6 6. Ne2 cxd4 7. exd4 d5 8. cxd5
Nxd5 9. O-O O-O 10. Nxd5 exd5 11. Nf4 g6 12. Be3 Ba5 13. Qf3 Bb6 14. Nxd5 Nxd4
15. Qe4 Bf5 16. Ne7+ Kh8 17. Bxd4+ Qxd4 18. Qxd4+ Bxd4 19. Bxf5 Rae8 20. Rad1
Bxb2 21. Rd7 Ba3 22. Nd5 gxf5 23. Rxb7 Bc5 24. Nf6 Rb8 25. Rxb8 Rxb8 26. Nd7 Rc8
27. g3 Bd4 28. Rd1 Rc4 29. Rd2 Kg7 30. Kg2 f6 31. Nb8 Kf7 32. Nc6 Bb6 33. Nxa7
Kg6 34. Nb5 Bc5 35. Kf3 h5 36. h4 Rc1 37. a4 Ra1 38. Rc2 Bb6 39. Rc6 Ba5 40. Ra6
Rxa4 41. Ra7 Ra1 42. Ra8 Bc3 43. Rxa1 Bxa1 44. Ke3 Bb2 45. f4 Kf7 46. Kd2 Ke6
47. Kc2 Ba1 48. Kb1 Be5 49. Kc2 Ba1 50. Kb1 Be5 51. Kc2 1/2-1/2

[Event "Bundesliga 2017-18"]
[Site "Berlin GER"]
[Date "2018.04.29"]
[Round "13.3"]
[Board "4"]
[White "Lagarde, Maxime"]
[Black "Bindrich, Falko"]
[Result "1/2-1/2"]
[WhiteTitle "GM"]
[BlackTitle "GM"]
[WhiteElo "2594"]
[BlackElo "2598"]
[WhiteTeam "SF Deizisau"]
[BlackTeam "DJK Aufwaerts Aachen"]
[WhiteFideId "662399"]
[BlackFideId "4676670"]
[EventDate "2017.10.21"]
[EventType "team"]

1. e4 e5 2. Nf3 Nf6 3. Nxe5 d6 4. Nf3 Nxe4 5. d3 Nf6 6. d4 d5 7. Bd3 Bd6 8. Qe2+
Qe7 9. Qxe7+ Bxe7 10. Bf4 c6 11. h3 O-O 12. Nbd2 Nbd7 13. O-O Re8 14. Rfe1 Nf8
15. g4 Bd8 16. Be5 Be6 17. Re3 N6d7 18. Bd6 Bb6 19. Nb3 f6 20. Nc5 Bxc5 21. dxc5
Bf7 22. Rxe8 Rxe8 23. b4 Ne6 24. c4 dxc4 25. Bxc4 Ng5 26. Bxf7+ Kxf7 27. Nxg5+
fxg5 28. Rb1 a6 29. a4 Re4 30. b5 axb5 31. axb5 Ke6 32. bxc6 bxc6 33. Rb7 Ra4
34. Rc7 Ra6 35. Kg2 g6 36. Kg3 h5 37. gxh5 gxh5 38. h4 Ra3+ 39. Kg2 gxh4 40.
Rxc6 h3+ 41. Kh2 Kd5 42. Rc8 Nf6 43. Bg3 h4 44. c6 hxg3+ 45. fxg3 Kd6 46. c7 Nd7
47. Kxh3 Nb6 48. Rd8+ Kxc7 49. Rd1 Kc6 50. Kh4 Nd5 51. Rd4 Kd6 52. Re4 Nf6 53.
Re1 Nd7 54. Kh3 Ne5 55. Rb1 Ke6 56. Rb6+ Kf5 57. Rb8 Ra2 58. Rf8+ Ke4 59. Re8
Re2 60. Rf8 Ke3 61. Rf6 Ra2 62. Re6 Ra5 63. Kg2 Kd4 64. Re8 Rd5 65. Re6 Nc4 66.
Re8 Ne3+ 67. Kf3 Rf5+ 68. Ke2 Nd5 69. Rd8 Rf6 70. Rd7 Ke4 71. Rd8 Re6 72. Ra8
Nc3+ 73. Kf2 Nb5 74. Kg2 Nd4 75. Ra7 Nc2 76. Ra8 Ke3 77. Rf8 Ne1+ 78. Kf1 Kd2
79. Rf2+ Kd1 80. Rf8 Nd3 81. Ra8 Rf6+ 82. Kg2 Ne1+ 83. Kg1 Kd2 84. Rd8+ Nd3 85.
Re8 Nf2 86. Ra8 Ne4 87. Ra2+ Ke3 88. Kg2 Nd2 89. Ra3+ Ke2 90. Ra2 Rf2+ 91. Kg1
Rf3 1/2-1/2

[Event "Bundesliga 2017-18"]
[Site "Berlin GER"]
[Date "2018.04.29"]
[Round "13.6"]
[Board "4"]
[White "Beerdsen, Thomas"]
[Black "Schneider, Ilja"]
[Result "1/2-1/2"]
[WhiteTitle "IM"]
[BlackTitle "IM"]
[WhiteElo "2428"]
[BlackElo "2506"]
[WhiteTeam "SV Muelheim Nord"]
[BlackTeam "SF Berlin 1903"]
[WhiteFideId "1030108"]
[BlackFideId "4663306"]
[EventDate "2017.10.21"]
[EventType "team"]

1. e4 d5 2. exd5 Qxd5 3. Nc3 Qa5 4. d4 Nf6 5. Bc4 Nc6 6. Ne2 Bg4 7. f3 Be6 8.
Bb5 O-O-O 9. Bxc6 bxc6 10. O-O Bc4 11. Qe1 e5 12. Be3 Bb4 13. Qf2 Bxc3 14. bxc3
Nd5 15. Rfe1 Rhe8 16. Ng3 Nxc3 17. dxe5 Rxe5 18. Bd2 Red5 19. Bxc3 Qxc3 20. Qxa7
Ra5 21. Qe3 Qxe3+ 22. Rxe3 Rxa2 23. Rxa2 Bxa2 24. Kf2 Be6 25. Ne4 Bf5 26. Nc5
Bxc2 27. Ra3 Kb8 28. Ra2 Bg6 29. Rb2+ Kc8 30. Ra2 Kb8 31. Rb2+ Kc8 32. Ra2 Kb8 1/2-1/2

[Event "Bundesliga 2017-18"]
[Site "Berlin GER"]
[Date "2018.04.29"]
[Round "13.7"]
[Board "7"]
[White "Margolin, Boris"]
[Black "Kovacs, Gabor2"]
[Result "1/2-1/2"]
[WhiteTitle "IM"]
[BlackTitle "IM"]
[WhiteElo "2376"]
[BlackElo "2463"]
[WhiteTeam "SV 1920 Hofheim"]
[BlackTeam "SG Speyer-Schwegenheim"]
[WhiteFideId "4646193"]
[BlackFideId "716219"]
[EventDate "2017.10.21"]
[EventType "team"]

1. e4 e5 2. Nf3 Nf6 3. Nxe5 d6 4. Nf3 Nxe4 5. Nc3 Nf6 6. d4 Be7 7. Bd3 O-O 8. h3
Re8 9. O-O Nbd7 10. Re1 Nf8 11. Bf4 Ng6 12. Bh2 c6 13. Qd2 Bd7 14. Rad1 Bf8 15.
Rxe8 Bxe8 16. d5 cxd5 17. Bxg6 hxg6 18. Nxd5 Bc6 19. Nxf6+ Qxf6 20. Nd4 Rc8 21.
Bf4 Bd7 22. c3 Re8 23. Nc2 Be6 24. Re1 Bd7 25. Rd1 Be6 26. Be3 a6 27. Nb4 Qf5
28. Nd5 Bd7 29. Qd3 Bc6 30. Qxf5 gxf5 31. b3 Re5 32. Nb6 Re4 33. Rd3 f4 34. Bd2
g5 35. f3 Re6 36. Kf1 Be7 37. c4 Kf8 38. Bb4 Ke8 39. a4 f5 40. Bd2 Bd8 41. Nd5
Rh6 42. a5 Kf7 43. Bb4 Bd7 44. Be1 Bc6 45. Bb4 Bd7 46. Be1 Bc6 1/2-1/2

[Event "Bundesliga 2017-18"]
[Site "Berlin GER"]
[Date "2018.04.29"]
[Round "13.8"]
[Board "6"]
[White "Naiditsch, Arkadij"]
[Black "Buhmann, Rainer"]
[Result "0-1"]
[WhiteTitle "GM"]
[BlackTitle "GM"]
[WhiteElo "2702"]
[BlackElo "2564"]
[WhiteTeam "OSG Baden-Baden"]
[BlackTeam "SV 1930 Hockenheim"]
[WhiteFideId "4650891"]
[BlackFideId "4651340"]
[EventDate "2017.10.21"]
[EventType "team"]

1. e4 e6 2. d4 d5 3. Nc3 Nf6 4. Bg5 Bb4 5. e5 h6 6. Bc1 Ne4 7. Qg4 Kf8 8. Ne2 c5
9. a3 h5 10. Qf4 Ba5 11. dxc5 Nxc3 12. Nxc3 Bxc3+ 13. bxc3 Qa5 14. Bd2 Nc6 15.
c4 Qxc5 16. cxd5 exd5 17. Bd3 Be6 18. O-O Qd4 19. Qxd4 Nxd4 20. Rfb1 b6 21. a4
Bf5 22. Bxf5 Nxf5 23. Rb5 Ke7 24. a5 Rhc8 25. Bg5+ Kd7 26. Rxd5+ Ke6 27. Rd2 b5
28. Rad1 Rc4 29. Rd7 a6 30. Rb7 Rac8 31. h3 h4 32. Ra7 R4c6 33. Bd8 b4 34. Rd2
Kxe5 35. Re2+ Kf4 36. Re8 f6 37. Rb7 Rc4 38. Rh8 Kg5 39. Rb6 Kg6 40. Kh2 R4c6
41. Rxb4 Rxc2 42. Rg4+ Kf7 43. Rf4 Ne7 44. Rd4 Ng6 45. Rh5 Rxf2 46. Bb6 Ra2 47.
Rhd5 Rcc2 48. Rd7+ Ke6 49. R4d6+ Kf5 50. Rd5+ Ne5 51. Rxg7 Rc1 52. Rc5 Rxc5 53.
Bxc5 Nf3+ 0-1

[Event "Bundesliga 2017-18"]
[Site "Berlin GER"]
[Date "2018.04.30"]
[Round "14.6"]
[Board "7"]
[White "Zumsande, Martin"]
[Black "Van Osch, Mees"]
[Result "0-1"]
[WhiteTitle "IM"]
[BlackTitle "FM"]
[WhiteElo "2471"]
[BlackElo "2302"]
[WhiteTeam "SV Werder Bremen"]
[BlackTeam "SV Muelheim Nord"]
[WhiteFideId "4651324"]
[BlackFideId "1035967"]
[EventDate "2017.10.21"]
[EventType "team"]

1. e4 e6 2. d4 d5 3. Nc3 Nf6 4. Bg5 Bb4 5. e5 h6 6. Bh4 g5 7. Bg3 Ne4 8. Ne2 c5
9. a3 Bxc3+ 10. Nxc3 Nxc3 11. bxc3 Qa5 12. Qd2 Nc6 13. dxc5 Qxc5 14. Bd3 b6 15.
h4 Rg8 16. hxg5 hxg5 17. Kf1 Bb7 18. Rh7 Na5 19. a4 Rc8 20. Qe2 Qxc3 21. Rd1 Nc4
22. Qh5 Rc7 23. Rh8 Rxh8 24. Qxh8+ Kd7 25. Qf6 Kc6 26. Qxg5 Ba6 27. Kg1 Kb7 28.
Bf4 Nb2 29. Rc1 Qa3 30. Bxa6+ Kxa6 31. a5 Qxa5 32. Bd2 Qa4 33. c3 Kb7 34. Rb1
Qc2 35. Ra1 Nc4 36. Be1 Qb2 37. Rd1 Qe2 38. Ra1 Qxe5 39. Qd8 a5 40. f3 Qe3+ 41.
Kh2 f5 42. Qg8 Qh6+ 43. Kg1 Rg7 44. Qd8 Qe3+ 45. Bf2 Qxf3 46. g3 Ne3 0-1